Wordt geladen...

Fables in slang and more fables in slang /

Bibliografische gegevens
Hoofdauteur: Ade, George .
Formaat: Printed Book
Gepubliceerd in: New York : Dover Publications. 1960.
Onderwerpen:
LEADER 00458cam a2200145ua 4500
999 |c 26118  |d 26118 
082 1 4 |a 813.4  |b ADE-F 
100 1 |a Ade, George . 
245 1 0 |a Fables in slang and more fables in slang /  
260 |a New York :   |b Dover Publications.  |c 1960. 
300 |a 190p. ;  
650 0 |a American short fiction 
650 0 |a Fables 
942 |c BK 
952 |0 0  |1 0  |4 0  |6 813_400000000000000_ADEF  |7 0  |9 33182  |a KU  |b KU  |d 2015-07-05  |l 0  |o 813.4 ADE-F  |p EN03284  |r 2015-07-05  |y BK